Visualizzazione normale
Vista MARC
- Benedetto XVI, Vidal R.J., Lopez Trujllo A., Filoni F., Anderson C.A., Ravasi G., Campanini G., Wiyghan Tumi C.,
di Personal Name
Records bibliografici associati: 1
001 - CONTROL NUMBER
- control field: 61872
003 - CONTROL NUMBER IDENTIFIER
- control field:
005 - DATE AND TIME OF LATEST TRANSACTION
- control field: 20250319103811.0
008 - FIXED-LENGTH DATA ELEMENTS
- fixed length control field: 250319|| aca||aabn | a|a d
040 ## - CATALOGING SOURCE
- Original cataloging agency:
- Transcribing agency:
100 ## - HEADING--PERSONAL NAME
- Personal name: Benedetto XVI, Vidal R.J., Lopez Trujllo A., Filoni F., Anderson C.A., Ravasi G., Campanini G., Wiyghan Tumi C.,
- Personal name: Andreotti G., Nerozzi Frajese D., Anatrella T., Marchetto A., Pirola R. e M., Mayimbi Pitta N
670 ## - SOURCE DATA FOUND
- Source citation: Work cat.: ()224520: Grieco Gianfranco (et al.) 61871, I nonni: la loro testimonianza e presenza nella famiglia. XVIII Assemblea plenaria del Pontificio Consiglio per la Famiglia, Vaticano, 3-5 aprile 2008, 2008